Historia del pensamiento : el pensamiento moderno, de Descartes a Kant /

Guardado en:
Bibliografiske detaljer
Hovedforfatter: Chevalier, Jacques (autor)
Andre forfattere: Míguez, José Antonio (prólogo y traducción) (prólogo y traducción)
Format: Bog
Sprog:spansk
Udgivet: Madrid, España : Aguilar, 1963, c1963
Serier:(Biblioteca Cultura e Historia)
Fag:
Tags: Tilføj Tag
Ingen Tags, Vær først til at tagge denne postø!

MARC

LEADER 00000nam^a2200000^a^4500
001 000387119
005 20250521000000.0
009 20260526143017.067
037 |a Acervo Xavier Clavigero 
041 |a ESP 
082 |a 140. 9  |b CHE V. 3 
100 |a Chevalier, Jacques  |e (autor) 
240 1 1 |a [Historia del pensamiento, de Jacques Chevalier] 
245 1 0 |a Historia del pensamiento :  |b el pensamiento moderno, de Descartes a Kant /  |c J. Chevalier ; pról. y tr. por J.A. Miguez. 
264 4 |a Madrid, España :  |b Aguilar,  |c 1963, c1963 
300 |a XIX, 733 p. 
336 |a texto  |b txt  |2 rdacontenido 
337 |a sin mediación  |b n  |2 rdamedio 
338 |a volumen  |b nc  |2 rdasoporte 
440 1 |a (Biblioteca Cultura e Historia) 
500 |a Traducción de: Histoire de la pensée. La pensée moderne de Descartes à Kant 
561 |a Ex libris de Instituto de Literatura Puente Grande, Jal. 
561 |a Ex libris de Bibl. Iunioratus Dom. Prob. S. Ioseph 
562 |a Falta cubierta 
649 |a XX 
650 |a Filósofos Holandeses 
650 |a Filósofos Alemanes 
650 |a Filósofos Franceses 
650 |a Racionalismo -  |x Historia y Crítica 
650 |a Eclecticismo (Filosofía) -  |x Historia y Crítica 
650 |a Criticismo -  |x Historia y Crítica 
650 |a Idealismo -  |x Historia y Crítica 
650 |a Historia -  |x Filosofía 
650 |a Metafísica -  |x Historia y Crítica 
650 |a Filosofía Francesa -  |x Historia y Crítica 
650 |a Filosofía Alemana -  |x Historia y Crítica 
650 |a Filosofía Moderna -  |x Historia y Crítica -  |x Tema Principal 
650 |a Filosofía -  |x Historia y Crítica -  |x Tema Principal 
650 |a Descartes, René 
650 |a Pascal, Blaise 
650 |a Spinoza, Baruch de 
650 |a Kant, Immanuel 
650 |a Malebranche, Nicolas 
650 |a Leibniz, Gottfried Wilhelm 
650 |a Fichte, Johann Gottlieb 
650 |a Schelling, Friedrich W.J 
700 |a Míguez, José Antonio  |e (prólogo y traducción) 
910 |a Fondo General 
920 |a Impresos - Libros 
930 |a Colección General 
905 |a 101 
901 |a 030484  |b IT1  |c ACC  |u 20250521 
902 |a https://opac.biblio.iteso.mx/vufind/Record/000387119